Movies Quiz

Random Movies or Nintendo Quiz
Score 0/20 Timer 10:00
0 Plays Today
Line Movie % Correct
'And I'm three months older than you are, a**hole!'Big
48.3%
'Is this a kissing book?'The Princess Bride
45.5%
'I'm perfectly calm, Dude.'The Big Lebowski
44.9%
'So don't tell Scotty'Euro Trip
43.2%
'I gotta go, Julia, we got cows!'Twister
28.4%
'Not much fun for little Harpo'Finding Nemo
25%
'Big ol' fat rain'Forrest Gump
23.9%
'Kitty!'Monsters, Inc.
22.7%
'I suddenly remembered my Charlamagne'Indiana Jones and the Last Crusade
21%
'Very small rocks'Monty Python and the Holy Grail
19.3%
Line Movie % Correct
'Forever'The Sandlot
16.5%
'He's a suitor'O Brother, Where Art Thou?
12.5%
'Why y'all gotta waste my flava? Damn!'Can't Hardly Wait
10.8%
'People will say we're in love'Oklahoma
9.7%
'I was happy in Shanghai'Indiana Jones and the Temple of Doom
9.1%
'Pike isn't a name. It's a fish.'Buffy the Vampire Slayer
8.5%
'You were gonna be a gymnast' 'Journalist' 'Right, that's what I said'When Harry Met Sally
8%
'Satan is in the house. He killed my mom, and he turned her into a bull.'SLC Punk
4.5%
'Gum!'Speed
2.8%
'Do you think this inappropriate, for the boat?'Joe vs. the Volcano
1.1%

You're not logged in!

Compare scores with friends on all Sporcle quizzes.
OR
Log In

Sporcle TV

Today on Sporcle TV


Watch our educational content, quiz creation guides, and fun videos on Sporcle TV.

Show Comments

Extras

Created Sep 23, 2009ReportNominate
Tags:Nintendo Quiz

Top Quizzes Today


Score Distribution

Paid Content

Your Account Isn't Verified!

In order to create a playlist on Sporcle, you need to verify the email address you used during registration. Go to your Sporcle Settings to finish the process.

Report this User

Report this user for behavior that violates our Community Guidelines.

Details: